书目信息 |
| 题名: |
美术字写法
|
|
| 作者: | 江冰 编 | |
| 分册: | ||
| 出版信息: | 北京 北京广播学院出版社 199107 |
|
| 页数: | 120页 | |
| 开本: | 26cm | |
| 丛书名: | ||
| 单 册: | ||
| 中图分类: | J292.13 , J292.1 | |
| 科图分类: | ||
| 主题词: | ||
| 电子资源: | ||
| ISBN: | 7-81004-242-4 | |
| 000 | 00543nam0 2200205 450 | |
| 001 | 1575606361 | |
| 005 | 20150130210043.50 | |
| 010 | @a7-81004-242-4@dCNY4.50 | |
| 100 | @a19990407d1991 ekmy0chiy0120 ea | |
| 101 | 0 | @achi |
| 105 | @af z 000yy | |
| 200 | 1 | @a美术字写法@9Mei Shu Zi Xie Fa@f江冰@FJiang Bing |
| 205 | @a1@b1 | |
| 210 | @a北京@c北京广播学院出版社@d199107 | |
| 215 | @a120页@d26cm | |
| 690 | @aJ292.13@v5 | |
| 690 | @aJ292.1@v4 | |
| 701 | 0 | @a江冰@9Jiang Bing@4编 |
| 801 | 0 | @aCN@bTSSF@c20150130 |
| 905 | @aZUCC@dJ292.1@eJY25 | |
| 美术字写法/江冰.-1,1.-北京:北京广播学院出版社,199107 |
| 120页;26cm |
| ISBN 7-81004-242-4:CNY4.50 |
| ● |
| 相关链接 |
|
|
|
|
正题名:美术字写法
索取号:J292.1/JY25
 
预约/预借
| 序号 | 登录号 | 条形码 | 馆藏地/架位号 | 状态 | 备注 |
| 1 | 7862113 | 278621136 | 学院路分馆/ [索取号:J292.1/JY25] | 在馆 |